000 01467nam a2200289Ia 4500
999 _c56658
_d56658
001 23780
003 GE_BSU
005 20191031114911.0
008 181216s2014||||ge |||||||||||||| ||geo||
020 _a9789941450532
040 _cGE_BSU
041 _ageo
080 _a811.111'367:811.353.1'367.2 მ-58
100 _aმესხი, ანა.
_96
245 _aინგლისური ენის სინტაქსი : 1000 ქართული წინადადება ინგლისური გასაღებით /
_cანა მესხი ; დავით მესხი ; დიზ :,დალი ჯვარშეიშვილი.
260 _aთბილისი
264 _aთბილისი :
_bმწიგნობარი,
_c2014.
300 _a174 გვ;
_c24 სმ.
520 _aსახელმძღვანელო იბეჭდება დავით მესხის ფინანსური მხარდაჭერით.
541 _h8ლ.
546 _aთავფურცლის მე-3 გვ. ინგლისურ ენაზე.
653 _aEnglish syntax : in 1000 georgian sentences.
653 _aინგლისური ენის სინტაქსი
700 _aმესხი, დავით
_97
700 _aჯვარშეიშვილი, დალი
_eდიზაინერი
_95164
942 _cBK
_2udc